[Event "Moscow op-A 16th"]
[Site "Moscow"]
[Date "2020.01.26"]
[Round "2"]
[White "Truskavetsky, Alexandr"]
[Black "Zein, Hani"]
[Result "1-0"]
[WhiteElo "2398"]
[BlackElo "2088"]
[PlyCount "53"]
[EventDate "2020.01.25"]
[EventType "swiss"]
[EventRounds "9"]
[EventCountry "RUS"]
[SourceTitle "CBM 194 Extra"]
[Source "ChessBase"]
[SourceDate "2020.03.31"]
[SourceVersion "1"]
[SourceVersionDate "2020.03.31"]
[SourceQuality "1"]

1. d4 Nf6 2. c4 e6 3. g3 d5 4. Nf3 Bb4+ 5. Bd2 a5 6. Qc2 dxc4 7. Qxc4 b6 8. Bg2 Ba6 9. Qc2 0-0 10. Nc3 Ra7 11. 0-0 Nc6 12. a3 Be7 13. Qa4 Qd7 14. Rfd1 Nb8 15. Qc2 c5 16. dxc5 Bxc5 17. Bg5 Qe8 18. Bxf6 gxf6 19. Qd2 Nd7 20. Qh6 Qe7 21. Rd4 Bxd4 22. Nxd4 Qc5 23. e3 Qg5 24. Qh3 f5 25. Bf1 Bb7 26. Bg2 Bc8 27. Nc6 1-0

[Event "Moscow op-A 15th"]
[Site "Moscow"]
[Date "2019.01.28"]
[Round "3"]
[White "Parfenov, Viktor N"]
[Black "Zein, Hani"]
[Result "1/2-1/2"]
[WhiteElo "2229"]
[BlackElo "2081"]
[PlyCount "57"]
[EventDate "2019.01.26"]
[EventType "swiss"]
[EventRounds "9"]
[EventCountry "RUS"]
[SourceTitle "CBM 188 Extra"]
[Source "ChessBase"]
[SourceDate "2019.02.28"]
[SourceVersion "1"]
[SourceVersionDate "2019.02.28"]
[SourceQuality "1"]

1. Nf3 d5 2. d4 Nf6 3. c4 e6 4. g3 Bb4+ 5. Bd2 Be7 6. Bg2 0-0 7. 0-0 c6 8. Qc2 b6 9. Bf4 Bb7 10. Rd1 Nbd7 11. Ne5 Nxe5 12. dxe5 Nd7 13. cxd5 cxd5 14. e4 dxe4 15. Qa4 Bd5 16. Nc3 Nc5 17. Qd4 f5 18. exf6 Bxf6 19. Be5 Bxe5 20. Qxe5 Qf6 21. Qxf6 gxf6 22. b4 Nd3 23. a3 Rac8 24. Nxe4 Nb2 25. Nd6 Bxg2 26. Nxc8 Nxd1 27. Rxd1 Rxc8 28. Kxg2 Rc7 29. Rd3 1/2-1/2